00739cam a22001337a 4500008004000000082002200040100003700062245033200099260005100431300001400482500003100496650004600527700003200573180718b1979 xxu||||| |||| 00| 0 eng d aXA82403x5442 M278 aMaharashtra State Law Commission aTwelfth report on the unification of rent restriction laws in the state, namely,-the Bombay, hotel and lodging house rates control act, 1947, the Hyderabad houses(rent, eviction and lease) control act, 1954 and the central provinces and bear regulation of letting of accommodation act, 1946cby Maharashtra State Law Commission aBombaybMaharashtra State Law Commissionc1979 aiii, 199p aChairman: Raja S. Bhonsale aRent - legislation - India - Maharashtra. aBhonsale, Raja S.(Chairman)